Đất bằng: Tập truyện ; Đường về với mẹ Chữ: Truyện dài
Kaydedildi:
| Yazar: | |
|---|---|
| Materyal Türü: | Kitap |
| Dil: | Undetermined |
| Baskı/Yayın Bilgisi: |
Hà Nội
Hội Nhà văn
2015
|
| Konular: | |
| Etiketler: |
Etiketle
Etiket eklenmemiş, İlk siz ekleyin!
|
| Thư viện lưu trữ: | Trung tâm Học liệu Trường Đại học Cần Thơ |
|---|
| LEADER | 00642nam a2200193Ia 4500 | ||
|---|---|---|---|
| 001 | CTU_210294 | ||
| 008 | 210402s9999 xx 000 0 und d | ||
| 082 | |a 895.922334 | ||
| 082 | |b V300 | ||
| 100 | |a Vi Hồng | ||
| 245 | 0 | |a Đất bằng: Tập truyện ; Đường về với mẹ Chữ: Truyện dài | |
| 245 | 0 | |c Vi Hồng | |
| 260 | |a Hà Nội | ||
| 260 | |b Hội Nhà văn | ||
| 260 | |c 2015 | ||
| 650 | |a Vietnamese literature,Văn học Việt Nam | ||
| 650 | |y 20th century,Thế kỷ 20 | ||
| 904 | |i Trần Thu Thảo, Trúc | ||
| 980 | |a Trung tâm Học liệu Trường Đại học Cần Thơ | ||